000
00221 a2200097 4500
001
13774
100
_a
Dorell
245
_a
School Geometry & Trigonometry
260
_a
London
_b
G Bell and Sons Ltd
_c
090
_c
10764
_d
10764
942
_a
NUST-CAE
_c
_c
852
999
_c
248847
_d
248847